[Event "Mittelfr. EM 2018 - Nebenturnier"]
[Site "Nürnberg"]
[Date "2018.03.30"]
[Round "5.7"]
[White "Babichev, Vyacheslav"]
[Black "Cordts, Elof"]
[Result "0-1"]
[WhiteElo "1822"]
[BlackElo "1662"]
[PlyCount "106"]
[EventDate "2018.??.??"]
[WhiteTeam "SW Nürnberg Süd"]
[BlackTeam "SC Erlangen"]

1. Nf3 c5 2. Nc3 d6 3. g3 Nf6 4. Bg2 e6 5. O-O Be7 6. d4 cxd4 7. Nxd4 a6 8. e4
O-O 9. Bg5 Nxe4 10. Nxe4 Bxg5 11. Nxg5 Qxg5 12. Nf3 Qe7 13. Re1 Nc6 14. c3 b5
15. Nh4 Qc7 16. Rc1 Bb7 17. c4 bxc4 18. Rxc4 d5 19. Rc3 Qd8 20. a3 Rc8 21. Nf3
Na5 22. Rce3 Nc4 23. R3e2 Nd6 24. Rd2 Rc5 25. b4 Rc3 26. Qa1 Qc7 27. Nd4 Rc8
28. Ne2 Rc2 29. Red1 Kf8 30. Bf3 Rxd2 31. Rxd2 Qc4 32. Qd1 Rc7 33. Nd4 Qc1 34.
Rc2 Rxc2 35. Nxc2 Qxd1+ 36. Bxd1 e5 37. Be2 Ke7 38. f3 Ke6 39. Kf2 d4 40. a4
Kd5 41. Na3 f5 42. b5 axb5 43. Nxb5 Nxb5 44. Bxb5 Kc5 45. h4 h6 46. Bd7 Kb4 47.
Bxf5 Kxa4 48. Bd3 Kb4 49. Ke2 Kc3 50. Bb5 Bd5 51. h5 Bb3 52. Bc6 Bc2 53. g4 g6
0-1

[Event "Mittelfr. EM 2018 - Nebenturnier"]
[Site "Nürnberg"]
[Date "2018.03.30"]
[Round "5.8"]
[White "Walter, Manfred"]
[Black "Zeug, Klaus-Peter"]
[Result "1-0"]
[WhiteElo "1802"]
[BlackElo "1587"]
[PlyCount "101"]
[EventDate "2018.??.??"]
[WhiteTeam "SV Lauf"]
[BlackTeam "SK Nürnberg"]

1. e4 e5 2. Nf3 Nc6 3. Bc4 Bc5 4. c3 Nf6 5. d3 h6 6. Nbd2 a6 7. Bb3 d6 8. h3
O-O 9. O-O Ba7 10. Re1 Re8 11. Nf1 Bd7 12. Ng3 Ne7 13. Nh4 Rf8 14. Qf3 Kh7 15.
Be3 Bxe3 16. fxe3 Be6 17. Bc2 Kh8 18. d4 Bd7 19. Bb3 c6 20. Rad1 Qc7 21. Rf1
Rad8 22. Nh5 Nxh5 23. Qxh5 f6 24. Rf2 Be8 25. Qg4 Bd7 26. Qg3 Qc8 27. Rdf1 Be6
28. Ng6+ Nxg6 29. Qxg6 Bxb3 30. axb3 Qe6 31. c4 Qf7 32. Qf5 Rd7 33. g4 Re7 34.
h4 Qg8 35. Qg6 Qh7 36. Qxh7+ Kxh7 37. g5 Ref7 38. gxf6 Rxf6 39. Rxf6 Rxf6 40.
Rxf6 gxf6 41. h5 Kg7 42. Kg2 Kf7 43. Kg3 exd4 44. exd4 Ke6 45. Kf4 b5 46. d5+
cxd5 47. cxd5+ Kf7 48. b4 Kg7 49. Kf5 Kf7 50. b3 Kg7 51. Ke6 1-0

[Event "Mittelfr. EM 2018 - Nebenturnier"]
[Site "Nürnberg"]
[Date "2018.03.30"]
[Round "5.9"]
[White "Friedrich, Michael"]
[Black "Dreiseitel, Werner"]
[Result "1-0"]
[WhiteElo "1665"]
[BlackElo "1570"]
[PlyCount "71"]
[EventDate "2018.??.??"]
[WhiteTeam "SC Erlangen"]
[BlackTeam "SGem Fürth"]

1. Nf3 d5 2. c4 c6 3. cxd5 cxd5 4. g3 Bd7 5. Bg2 Bc6 6. O-O Nd7 7. Nd4 e6 8.
Nxc6 bxc6 9. d4 Bd6 10. Bd2 Ngf6 11. Nc3 O-O 12. Rc1 Qb6 13. Na4 Qb7 14. Bf4 e5
15. dxe5 Nxe5 16. b3 Qe7 17. Be3 Rfe8 18. Nc5 Neg4 19. Bd4 Qxe2 20. h3 Qxd1 21.
Rfxd1 Ne5 22. Nb7 Bb4 23. f4 Ned7 24. Rxc6 Re2 25. Rdc1 Rxa2 26. Bxf6 Nxf6 27.
Rc8+ Rxc8 28. Rxc8+ Bf8 29. Rd8 Ne4 30. Bxe4 dxe4 31. Nc5 f5 32. Nd7 Kf7 33.
Nxf8 Ke7 34. Rb8 Rd2 35. Nxh7 e3 36. Kf1 1-0

[Event "Mittelfr. EM 2018 - Nebenturnier"]
[Site "Nürnberg"]
[Date "2018.03.30"]
[Round "5.10"]
[White "Hahn, Thomas"]
[Black "Merdian, Nick"]
[Result "1-0"]
[WhiteElo "1727"]
[BlackElo "1833"]
[PlyCount "47"]
[EventDate "2018.??.??"]
[WhiteTeam "Zabo-Eintracht Nürnberg"]
[BlackTeam "SC Postbauer-Heng"]

1. e4 c5 2. Nf3 d6 3. d4 cxd4 4. Nxd4 Nf6 5. Nc3 g6 6. Be2 Bg7 7. Be3 Nc6 8.
Qd2 Bd7 9. O-O-O a6 10. Bh6 Nxd4 11. Bxg7 Nxe2+ 12. Qxe2 Rg8 13. Bxf6 exf6 14.
Rxd6 Qe7 15. Rhd1 Bc6 16. f3 Qe5 17. h3 Bb5 18. Nxb5 axb5 19. R6d5 Qe6 20.
Qxb5+ Kf8 21. Kb1 Kg7 22. a3 Rgc8 23. Rd6 Qe7 24. Rd7 1-0

[Event "Mittelfr. EM 2018 - Nebenturnier"]
[Site "Nürnberg"]
[Date "2018.03.30"]
[Round "5.11"]
[White "Hamazaspyan, Seryozka"]
[Black "Hummady, Pascha"]
[Result "1-0"]
[WhiteElo "1245"]
[BlackElo "850"]
[PlyCount "65"]
[EventDate "2018.??.??"]
[WhiteTeam "SC Noris-Tarrasch Nürnberg"]
[BlackTeam "SC Noris-Tarrasch Nürnberg"]

1. e4 c5 2. Nf3 Nc6 3. d4 cxd4 4. Nxd4 Nf6 5. Nc3 e5 6. Nxc6 bxc6 7. Bc4 Nxe4
8. Nxe4 d5 9. Bb3 dxe4 10. Bxf7+ Ke7 11. Bg5+ Kxf7 12. Qxd8 Bb4+ 13. c3 Rxd8
14. Bxd8 Bd6 15. O-O-O Bc5 16. Bc7 Bg4 17. f3 exf3 18. gxf3 Bxf3 19. Rhf1 Be3+
20. Kc2 e4 21. Rde1 Rc8 22. Rxe3 Rxc7 23. Rxe4 Re7 24. Rxf3+ Ke8 25. Rfe3 Rxe4
26. Rxe4+ Kd7 27. Rh4 h6 28. Rxh6 gxh6 29. Kd3 Kd6 30. Kd4 Ke6 31. Ke4 Kf6 32.
h4 h5 33. b4 1-0

[Event "Mittelfr. EM 2018 - Nebenturnier"]
[Site "Nürnberg"]
[Date "2018.03.30"]
[Round "5.13"]
[White "Walter, Gabriele"]
[Black "Dreiseitel, Ursula"]
[Result "1/2-1/2"]
[WhiteElo "1590"]
[BlackElo "1461"]
[PlyCount "39"]
[EventDate "2018.??.??"]
[WhiteTeam "SV Lauf"]
[BlackTeam "SGem Fürth"]

1. c4 e5 2. g3 c6 3. Bg2 Nf6 4. Nc3 Bb4 5. e3 Bxc3 6. bxc3 O-O 7. Ne2 d5 8.
cxd5 cxd5 9. O-O Nc6 10. d4 e4 11. Qb3 Na5 12. Qb4 Nc4 13. Ba3 Nxa3 14. Qxa3 b5
15. Rab1 a6 16. f3 Qd7 17. Nf4 Bb7 18. Qb3 Rab8 19. Bh3 Qc7 20. Qb4 1/2-1/2

[Event "Mittelfr. EM 2018 - Nebenturnier"]
[Site "Nürnberg"]
[Date "2018.03.30"]
[Round "6.1"]
[White "Diebel, Günter"]
[Black "Konsek, Peter"]
[Result "1-0"]
[WhiteElo "1778"]
[BlackElo "2063"]
[PlyCount "151"]
[EventDate "2018.??.??"]
[WhiteTeam "SW Nürnberg Süd"]
[BlackTeam "SW Nürnberg Süd"]

1. e4 c5 2. Nc3 Nc6 3. Nf3 e5 4. Bc4 Be7 5. d3 d6 6. O-O Nf6 7. h3 h6 8. a3 g5
9. Nh2 Be6 10. Bxe6 fxe6 11. Ng4 h5 12. Nxf6+ Bxf6 13. Ne2 g4 14. c3 Qe7 15. b4
O-O-O 16. f4 Rdg8 17. Kh1 exf4 18. Bxf4 Be5 19. b5 gxh3 20. gxh3 Qh4 21. Rf3
Bxf4 22. bxc6 Bg3 23. cxb7+ Kb8 24. Qf1 Be5 25. Rb1 d5 26. exd5 exd5 27. d4 Bd6
28. dxc5 Bxc5 29. Rb5 Qc4 30. Nd4 Bxd4 31. Qxc4 Rg1+ 32. Kh2 dxc4 33. cxd4 Rg7
34. Rc3 Re8 35. Rc2 h4 36. a4 Rxb7 37. Rxb7+ Kxb7 38. Rxc4 Re2+ 39. Kg1 Rd2 40.
d5 Rxd5 41. Rxh4 Rd2 42. Rb4+ Kc6 43. h4 Ra2 44. h5 Re2 45. h6 Re7 46. Rh4 Rh7
47. Kg2 Kd6 48. Kg3 Ke6 49. Kg4 Kf6 50. Kh5 Kf5 51. Rc4 Rd7 52. Rc3 Kf6 53. a5
Rd1 54. Kg4 Kg6 55. Rc6+ Kh7 56. a6 Rf1 57. Kg5 Rf7 58. Rc3 Rd7 59. Rc6 Rf7 60.
Re6 Rc7 61. Kf5 Rc5+ 62. Ke4 Rb5 63. Kd4 Rb1 64. Kc5 Rc1+ 65. Kb5 Rc7 66. Rd6
Kg8 67. Rc6 Rf7 68. Rc8+ Kh7 69. Kc6 Rf1 70. Kb7 Rb1+ 71. Kxa7 Kxh6 72. Rc6+
Kg5 73. Rb6 Rc1 74. Kb7 Rh1 75. a7 Rh7+ 76. Ka6 1-0

[Event "Mittelfr. EM 2018 - Nebenturnier"]
[Site "Nürnberg"]
[Date "2018.03.30"]
[Round "6.2"]
[White "Rausch, Wolfgang sr"]
[Black "Wirth, Karl-Heinz"]
[Result "1-0"]
[WhiteElo "1878"]
[BlackElo "1861"]
[PlyCount "151"]
[EventDate "2018.??.??"]
[WhiteTeam "SW Nürnberg Süd"]
[BlackTeam "SC Mühlhof-Reichelsdorf"]

1. Nf3 d5 2. d4 Nf6 3. g3 Bf5 4. Bg2 h6 5. Nbd2 Nbd7 6. c4 e6 7. O-O Be7 8. b3
O-O 9. Bb2 c6 10. Re1 Rc8 11. a3 Qb6 12. b4 Ne4 13. Qb3 Ndf6 14. Red1 g5 15. c5
Qc7 16. Ne5 Nxd2 17. Rxd2 Ne4 18. Rdd1 f6 19. Nd3 g4 20. f3 gxf3 21. exf3 Ng5
22. Re1 Rce8 23. Nf4 Bd8 24. Qc3 Qg7 25. g4 Bh7 26. h4 Ne4 27. fxe4 Qxg4 28.
Qf3 Qxh4 29. exd5 exd5 30. Ne6 Be4 31. Qf4 f5 32. Qxh4 Bxh4 33. Nxf8 Bxe1 34.
Rxe1 Rxf8 35. Bf1 Kf7 36. Re3 Rg8+ 37. Kf2 Kf6 38. Rg3 Rh8 39. Bc1 Rh7 40. Bf4
a6 41. Be2 h5 42. Bg5+ Ke6 43. Bh4 f4 44. Rg5 f3 45. Re5+ Kd7 46. Bf1 Kc7 47.
Re7+ Rxe7 48. Bxe7 Kb8 49. Kg3 Ka7 50. Kf4 Ka8 51. Kg5 Ka7 52. Kxh5 Ka8 53. Kg5
Ka7 54. Kf4 Ka8 55. a4 Ka7 56. b5 cxb5 57. axb5 a5 58. c6 bxc6 59. bxc6 Kb6 60.
Bd8+ Kxc6 61. Bxa5 Kd6 62. Be1 Ke6 63. Bf2 Kd6 64. Bh3 Kc6 65. Bg4 Bd3 66. Bxf3
Bc4 67. Ke5 Bb3 68. Bh5 Kd7 69. Bf7 Kc6 70. Be8+ Kc7 71. Bh4 Bc4 72. Be7 Bb3
73. Bd6+ Kb6 74. Bb4 Bc4 75. Kd6 Bb3 76. Bc6 1-0

[Event "Mittelfr. EM 2018 - Nebenturnier"]
[Site "Nürnberg"]
[Date "2018.03.30"]
[Round "6.3"]
[White "Weißmann, Peter"]
[Black "Greul, Hans"]
[Result "1-0"]
[WhiteElo "1734"]
[BlackElo "2066"]
[PlyCount "49"]
[EventDate "2018.??.??"]
[WhiteTeam "SK Zirndorf"]
[BlackTeam "SK Schwabach"]

1. e4 e6 2. d4 d5 3. Nc3 Bb4 4. e5 c5 5. a3 cxd4 6. axb4 dxc3 7. bxc3 Qc7 8.
Nf3 Qxc3+ 9. Bd2 Qc7 10. Bd3 Ne7 11. O-O Nd7 12. Qe2 Ng6 13. Rfe1 Nb6 14. b5
Nc4 15. Bxc4 Qxc4 16. Qxc4 dxc4 17. b6 a6 18. Ra4 O-O 19. Rxc4 Bd7 20. Rc7 Bc6
21. Nd4 Rfc8 22. Bb4 Nf4 23. Nxc6 Rxc7 24. bxc7 bxc6 25. Rd1 1-0

[Event "Mittelfr. EM 2018 - Nebenturnier"]
[Site "Nürnberg"]
[Date "2018.03.30"]
[Round "6.4"]
[White "Süß, Helmut"]
[Black "Walter, Manfred"]
[Result "1/2-1/2"]
[WhiteElo "1889"]
[BlackElo "1802"]
[PlyCount "72"]
[EventDate "2018.??.??"]
[WhiteTeam "SC Noris-Tarrasch Nürnberg"]
[BlackTeam "SV Lauf"]

1. c4 d6 2. d4 e5 3. Nc3 Nf6 4. Nf3 Nbd7 5. g3 c6 6. Bg2 e4 7. Ng5 d5 8. cxd5
cxd5 9. O-O Be7 10. Nh3 Nf8 11. Bg5 Ng6 12. Bxf6 Bxf6 13. e3 O-O 14. Qb3 Be6
15. Ne2 Qd7 16. Nhf4 Nxf4 17. Nxf4 Rac8 18. Rac1 Bg5 19. Nxe6 fxe6 20. Rc3 Rxc3
21. bxc3 Rc8 22. h4 Be7 23. Rb1 Rc7 24. Bf1 a6 25. a4 Qd6 26. c4 Qa3 27. Qxa3
Bxa3 28. c5 a5 29. Rb6 Kf7 30. Bh3 Re7 31. Kf1 Bb4 32. Ke2 g6 33. Rd6 h5 34. g4
hxg4 35. Bxg4 Kf6 36. Rb6 Kf7 1/2-1/2

[Event "Mittelfr. EM 2018 - Nebenturnier"]
[Site "Nürnberg"]
[Date "2018.03.30"]
[Round "6.5"]
[White "Cordts, Elof"]
[Black "Schöne, Steffen"]
[Result "1/2-1/2"]
[WhiteElo "1662"]
[BlackElo "1860"]
[PlyCount "45"]
[EventDate "2018.??.??"]
[WhiteTeam "SC Erlangen"]
[BlackTeam "Zabo-Eintracht Nürnberg"]

1. e4 g6 2. Nf3 Bg7 3. Bc4 e6 4. Bb3 d5 5. exd5 exd5 6. O-O Ne7 7. d4 O-O 8.
Re1 Re8 9. c3 Bg4 10. h3 Bxf3 11. Qxf3 c6 12. Bf4 Nf5 13. Nd2 Nd7 14. Bh2 Qg5
15. Nf1 Re7 16. Rxe7 Qxe7 17. Bc2 Nd6 18. Bxd6 Qxd6 19. Re1 Nf6 20. Nd2 Re8 21.
Rxe8+ Nxe8 22. Qe2 Qe6 23. Kf1 1/2-1/2

[Event "Mittelfr. EM 2018 - Nebenturnier"]
[Site "Nürnberg"]
[Date "2018.03.30"]
[Round "6.6"]
[White "Llugiq, Bajram"]
[Black "Schlötterer, Hermann"]
[Result "1/2-1/2"]
[WhiteElo "1827"]
[BlackElo "1792"]
[PlyCount "169"]
[EventDate "2018.??.??"]
[WhiteTeam "SW Nürnberg Süd"]
[BlackTeam "Zabo-Eintracht Nürnberg"]

1. d4 Nf6 2. Nf3 c5 3. c3 e6 4. Bg5 Be7 5. Nbd2 cxd4 6. cxd4 O-O 7. e3 b6 8.
Be2 Bb7 9. O-O d6 10. Bd3 Nbd7 11. Rc1 h6 12. Bh4 a6 13. h3 Rc8 14. Qe2 b5 15.
Bg3 Qb6 16. Rfd1 Rfd8 17. Nh2 e5 18. dxe5 dxe5 19. Rxc8 Bxc8 20. Rc1 Nc5 21.
Bb1 Bd6 22. Nhf1 Bb7 23. Nf3 Re8 24. Rd1 Bb8 25. Rc1 Nce4 26. Bh2 Bd5 27. N1d2
Qe6 28. b3 Bb7 29. Nxe4 Nxe4 30. Nd2 Nf6 31. e4 Nh7 32. Nf3 Qe7 33. Qe3 Rd8 34.
Bd3 Re8 35. Bb1 Qa3 36. Bg3 Nf6 37. Rd1 Qb4 38. Qd2 Qxd2 39. Rxd2 Rc8 40. Bc2
Bxe4 41. Ne1 Bb7 42. f3 Bc7 43. Bf5 Re8 44. Re2 g6 45. Bc2 Nh5 46. Bh2 f5 47.
g4 Ng7 48. Bg3 Kf7 49. Ng2 Bxf3 50. Rd2 Re7 51. Nh4 Bb6+ 52. Kf1 Be4 53. Bxe4
fxe4 54. Rd6 Re6 55. Bxe5 Rxd6 56. Bxd6 h5 57. Be5 Ne6 58. gxh5 gxh5 59. Ng2
Ng5 60. h4 Nf3 61. Bf4 Ke6 62. Bg3 Kf5 63. Ke2 Kg4 64. Bf2 Bxf2 65. Kxf2 Nxh4
66. Ne3+ Kg5 67. Nd5 Nf5 68. Nc7 e3+ 69. Kf3 h4 70. Ne6+ Kf6 71. Nf4 Ke5 72.
Nh3 Kd4 73. Nf4 b4 74. Kg4 Ng3 75. Kxh4 e2 76. Ng2 Ne4 77. Kg4 Kd3 78. Kf3 Nc3
79. Kf2 Kd2 80. Kf3 Nxa2 81. Ke4 Nc1 82. Kd4 Nxb3+ 83. Kc4 e1=Q 84. Nxe1 Kxe1
85. Kxb4 1/2-1/2

[Event "Mittelfr. EM 2018 - Nebenturnier"]
[Site "Nürnberg"]
[Date "2018.03.30"]
[Round "6.7"]
[White "Hahn, Thomas"]
[Black "Friedrich, Michael"]
[Result "1-0"]
[WhiteElo "1727"]
[BlackElo "1665"]
[PlyCount "63"]
[EventDate "2018.??.??"]
[WhiteTeam "Zabo-Eintracht Nürnberg"]
[BlackTeam "SC Erlangen"]

1. e4 g6 2. d4 Bg7 3. Nf3 d6 4. c3 Bg4 5. h3 Bxf3 6. Qxf3 Nd7 7. Bc4 e6 8. O-O
Ne7 9. Bg5 O-O 10. Nd2 c5 11. dxc5 Nxc5 12. Rfd1 Qc7 13. Bb3 b5 14. Bf6 d5 15.
Bxg7 Kxg7 16. exd5 Nxb3 17. Nxb3 Nxd5 18. Rac1 Rfd8 19. Nd4 a6 20. h4 e5 21.
Nxb5 axb5 22. Rxd5 Rxa2 23. Rxd8 Qxd8 24. Rd1 Qxh4 25. Qd5 Rxb2 26. Qxe5+ Kh6
27. Qe3+ Qg5 28. Qd4 Rc2 29. Rd3 Qc1+ 30. Kh2 g5 31. Qf6+ Kh5 32. Rh3+ 1-0

[Event "Mittelfr. EM 2018 - Nebenturnier"]
[Site "Nürnberg"]
[Date "2018.03.30"]
[Round "6.8"]
[White "Hofmann, Tim"]
[Black "Hamazaspyan, Seryozka"]
[Result "1-0"]
[WhiteElo "1411"]
[BlackElo "1245"]
[PlyCount "135"]
[EventDate "2018.??.??"]
[WhiteTeam "SW Nürnberg Süd"]
[BlackTeam "SC Noris-Tarrasch Nürnberg"]

1. d4 e6 2. Bf4 Nf6 3. e3 d5 4. Nd2 c5 5. c4 Nc6 6. Ngf3 Qb6 7. Qb3 Qxb3 8.
axb3 Nb4 9. Rc1 b6 10. Be2 Bb7 11. O-O Nh5 12. Bg5 h6 13. Bh4 f6 14. Ne1 g6 15.
Bxh5 gxh5 16. Bxf6 Rg8 17. Nef3 cxd4 18. exd4 Nd3 19. Rc2 Nf4 20. Nh4 Kf7 21.
Be5 Nh3+ 22. Kh1 Be7 23. Ndf3 Rac8 24. gxh3 Bxh4 25. Nxh4 dxc4+ 26. f3 cxb3 27.
Rxc8 Rxc8 28. Kg2 a5 29. Kg3 a4 30. Bd6 Rc4 31. Ng2 Rxd4 32. Be5 Rd5 33. Bc3
Ba6 34. Re1 Bc4 35. Ne3 Rg5+ 36. Kf4 e5+ 37. Ke4 Bb5 38. Bxe5 Ke6 39. Bc3 Rg8
40. Rd1 Bc6+ 41. Kd4 Rd8+ 42. Kc4 Rc8 43. f4 Bf3+ 44. Kd4 Rd8+ 45. Kc4 Bxd1 46.
f5+ Kf7 47. f6 Be2+ 48. Kb4 Re8 49. Nf5 Re4+ 50. Ka3 Kg6 51. f7 Kxf7 52. Nd6+
Ke6 53. Nxe4 Kd5 54. Ng3 Bb5 55. Nxh5 Ke4 56. Bd2 Kf5 57. Ng3+ Kg6 58. Ne4 Bc6
59. Nc3 b5 60. Be3 h5 61. Bd4 Kf5 62. Kb4 Kf4 63. Nxb5 Bxb5 64. Kxb5 Ke4 65.
Bc5 Kd5 66. Ba3 h4 67. Kxa4 Kc4 68. Be7 1-0

[Event "Mittelfr. EM 2018 - Nebenturnier"]
[Site "Nürnberg"]
[Date "2018.03.30"]
[Round "6.9"]
[White "Zeug, Klaus-Peter"]
[Black "Babichev, Vyacheslav"]
[Result "0-1"]
[WhiteElo "1587"]
[BlackElo "1822"]
[PlyCount "58"]
[EventDate "2018.??.??"]
[WhiteTeam "SK Nürnberg"]
[BlackTeam "SW Nürnberg Süd"]

1. e4 e6 2. d4 b6 3. Nc3 Bb4 4. Bd2 Bb7 5. Bd3 f5 6. Qe2 Nf6 7. f3 O-O 8. a3
Bxc3 9. Bxc3 fxe4 10. fxe4 Nxe4 11. Bxe4 Qh4+ 12. g3 Qxe4 13. Qxe4 Bxe4 14.
O-O-O Bxh1 15. Nh3 Bd5 16. Nf4 Bf3 17. Re1 Nc6 18. Kb1 g5 19. Nd3 Rae8 20. Ne5
Nxe5 21. dxe5 Bd5 22. Bd4 c5 23. Be3 h6 24. h4 Rf5 25. Bd2 Ref8 26. b3 Rf1 27.
Rxf1 Rxf1+ 28. Kb2 Rf2 29. Bc1 Be4 0-1

[Event "Mittelfr. EM 2018 - Nebenturnier"]
[Site "Nürnberg"]
[Date "2018.03.30"]
[Round "6.10"]
[White "Dreiseitel, Werner"]
[Black "Münzenberg, Dietrich"]
[Result "0-1"]
[WhiteElo "1570"]
[BlackElo "1679"]
[PlyCount "86"]
[EventDate "2018.??.??"]
[WhiteTeam "SGem Fürth"]
[BlackTeam "Zabo-Eintracht Nürnberg"]

1. d4 f5 2. Bf4 Nf6 3. e3 d5 4. c4 c6 5. Nd2 e6 6. Ngf3 Nbd7 7. h3 Qb6 8. Qc2
Ne4 9. c5 Qd8 10. b4 Be7 11. Ne5 O-O 12. Ndf3 Ndf6 13. Bd3 a5 14. b5 cxb5 15.
Bxb5 Nh5 16. Bh2 Bh4 17. Nxh4 Qxh4 18. Nf3 Qe7 19. O-O f4 20. Bd3 fxe3 21. fxe3
Nhf6 22. Bb5 Bd7 23. a4 Nh5 24. Rac1 Nhg3 25. Bxg3 Nxg3 26. Rf2 Ne4 27. Bxd7
Nxf2 28. Bxe6+ Qxe6 29. Qxf2 Qe4 30. Qd2 h6 31. Kh2 Rae8 32. Qe2 g5 33. Rf1 h5
34. Kg1 g4 35. hxg4 hxg4 36. Ne5 Rxf1+ 37. Kxf1 Rf8+ 38. Kg1 g3 39. Qg4+ Qxg4
40. Nxg4 Kg7 41. Ne5 Rf2 42. Nd7 Ra2 43. Nb6 Ra1# 0-1

[Event "Mittelfr. EM 2018 - Nebenturnier"]
[Site "Nürnberg"]
[Date "2018.03.30"]
[Round "6.11"]
[White "Merdian, Nick"]
[Black "Keller, Jan-Christopher"]
[Result "1-0"]
[WhiteElo "1833"]
[BlackElo "1011"]
[PlyCount "75"]
[EventDate "2018.??.??"]
[WhiteTeam "SC Postbauer-Heng"]
[BlackTeam "SV Neustadt/Aisch"]

1. d4 d5 2. c4 c6 3. Nf3 e6 4. e3 Ne7 5. Be2 g6 6. O-O Bg7 7. Nc3 O-O 8. b3 Nd7
9. Bb2 e5 10. Ba3 exd4 11. exd4 Nb6 12. c5 Nd7 13. Qd2 Re8 14. Bd3 Nf5 15. Bxf5
gxf5 16. Rfe1 b6 17. cxb6 axb6 18. Bb2 c5 19. Nxd5 Bb7 20. Rxe8+ Qxe8 21. Nc7
Qe4 22. Nxa8 Bxa8 23. Re1 Qg4 24. Re8+ Nf8 25. Rxa8 h5 26. h3 Qe4 27. Rd8 Qb1+
28. Bc1 Qe4 29. dxc5 bxc5 30. Bb2 f6 31. Qd5+ Kh7 32. Qxe4 fxe4 33. Bxf6 exf3
34. Bxg7 Kxg7 35. Rxf8 Kxf8 36. gxf3 h4 37. a4 Ke7 38. f4 1-0

[Event "Mittelfr. EM 2018 - Nebenturnier"]
[Site "Nürnberg"]
[Date "2018.03.30"]
[Round "6.12"]
[White "Hummady, Pascha"]
[Black "Dreiseitel, Ursula"]
[Result "0-1"]
[WhiteElo "850"]
[BlackElo "1461"]
[PlyCount "74"]
[EventDate "2018.??.??"]
[WhiteTeam "SC Noris-Tarrasch Nürnberg"]
[BlackTeam "SGem Fürth"]

1. e4 e6 2. d4 d5 3. exd5 exd5 4. Nf3 Nf6 5. g3 Bd6 6. Bg2 O-O 7. O-O Bg4 8.
Bg5 Nbd7 9. Nc3 c6 10. Qd2 Qc7 11. Ne2 Ne4 12. Qd3 Nxg5 13. Nxg5 Nf6 14. Rae1
Rfe8 15. b3 Bxe2 16. Rxe2 Rxe2 17. Qxe2 Re8 18. Qd3 h6 19. Nh3 Qa5 20. a4 Ng4
21. Qd1 Nf6 22. f4 Bb4 23. Kf2 Ne4+ 24. Bxe4 dxe4 25. Kg2 e3 26. Ng1 Qd5+ 27.
Qf3 Qxd4 28. Rd1 Bd2 29. Ne2 Qb2 30. h4 Qxc2 31. Nd4 Qc3 32. Ne2 Qxb3 33. Rxd2
exd2 34. Qxb3 Rxe2+ 35. Kf3 Re1 36. Kf2 d1=Q 37. Qxd1 Rxd1 0-1

[Event "Mittelfr. EM 2018 - Nebenturnier"]
[Site "Nürnberg"]
[Date "2018.03.31"]
[Round "7.1"]
[White "Weißmann, Peter"]
[Black "Rausch, Wolfgang sr"]
[Result "0-1"]
[WhiteElo "1734"]
[BlackElo "1878"]
[PlyCount "128"]
[EventDate "2018.??.??"]
[WhiteTeam "SK Zirndorf"]
[BlackTeam "SW Nürnberg Süd"]

1. e4 c6 2. d4 d5 3. e5 Bf5 4. g4 Be4 5. f3 Bg6 6. h4 h5 7. g5 e6 8. Bd3 Bxd3
9. Qxd3 Ne7 10. Be3 Qb6 11. Qb3 Qxb3 12. cxb3 Nf5 13. Bf2 g6 14. Ne2 a5 15.
Nbc3 Nd7 16. f4 Kd8 17. O-O-O Kc7 18. Kb1 Be7 19. Rc1 b6 20. Rh3 Kb7 21. Ng3
Nxg3 22. Rxg3 Rhc8 23. Na4 Rc7 24. Rgc3 Rac8 25. a3 Nb8 26. R3c2 Nd7 27. Rc3 c5
28. dxc5 b5 29. c6+ Rxc6 30. Rxc6 Rxc6 31. Rxc6 Kxc6 32. Nc3 b4 33. axb4 Bxb4
34. Kc2 Nc5 35. Ne2 Na6 36. Nc1 Nc5 37. Nd3 Nxd3 38. Kxd3 Kb5 39. Bg3 Bc5 40.
Be1 Bg1 41. Bg3 Kb4 42. Kc2 Bd4 43. Be1+ Kb5 44. Bg3 Be3 45. Kd3 d4 46. Ke4 Kb4
47. Be1+ Kxb3 48. Bxa5 Kxb2 49. Kd3 Bxf4 50. Kxd4 Bg3 51. Bd8 Bxh4 52. Bf6 Kc2
53. Ke3 Kd1 54. Be7 Ke1 55. Kf3 Kf1 56. Bd8 Kg1 57. Be7 Kh2 58. Bd8 Be1 59. Be7
Bc3 60. Bd6 Bd4 61. Bc7 h4 62. Kg4 h3 63. Kf3 Kg1 64. Kg3 h2 0-1

[Event "Mittelfr. EM 2018 - Nebenturnier"]
[Site "Nürnberg"]
[Date "2018.03.31"]
[Round "7.2"]
[White "Wirth, Karl-Heinz"]
[Black "Diebel, Günter"]
[Result "1-0"]
[WhiteElo "1861"]
[BlackElo "1778"]
[PlyCount "67"]
[EventDate "2018.??.??"]
[WhiteTeam "SC Mühlhof-Reichelsdorf"]
[BlackTeam "SW Nürnberg Süd"]

1. e4 e5 2. f4 Bd6 3. Nf3 Nc6 4. Bc4 Nf6 5. d4 Nxd4 6. Nxd4 exd4 7. e5 Bb4+ 8.
c3 dxc3 9. bxc3 Ne4 10. Qf3 d5 11. cxb4 c6 12. Bd3 f5 13. Be3 O-O 14. Nd2 Be6
15. Nb3 b6 16. O-O a5 17. bxa5 c5 18. Bxe4 fxe4 19. Qd1 d4 20. Bxd4 cxd4 21.
Nxd4 Bc4 22. Rf2 Rxa5 23. Nc6 Qxd1+ 24. Rxd1 Rxa2 25. Rxa2 Bxa2 26. g3 Bc4 27.
Rd4 Bd3 28. e6 Re8 29. f5 Bb5 30. Ne5 e3 31. Nd7 e2 32. Kf2 Ra8 33. Nxb6 h5 34.
Nxa8 1-0

[Event "Mittelfr. EM 2018 - Nebenturnier"]
[Site "Nürnberg"]
[Date "2018.03.31"]
[Round "7.3"]
[White "Konsek, Peter"]
[Black "Süß, Helmut"]
[Result "1-0"]
[WhiteElo "2063"]
[BlackElo "1889"]
[PlyCount "35"]
[EventDate "2018.??.??"]
[WhiteTeam "SW Nürnberg Süd"]
[BlackTeam "SC Noris-Tarrasch Nürnberg"]

1. e4 d5 2. exd5 Qxd5 3. Nc3 Qd8 4. d4 Nf6 5. Nf3 Bg4 6. h3 Bxf3 7. Qxf3 c6 8.
Be3 e6 9. O-O-O Nbd7 10. Kb1 Bd6 11. g4 Qc7 12. Bg2 h6 13. h4 Nd5 14. Ne4 Bf4
15. c4 Nxe3 16. fxe3 Bd6 17. Rdf1 Nf8 18. Nxd6+ 1-0

[Event "Mittelfr. EM 2018 - Nebenturnier"]
[Site "Nürnberg"]
[Date "2018.03.31"]
[Round "7.4"]
[White "Schöne, Steffen"]
[Black "Hofmann, Tim"]
[Result "1-0"]
[WhiteElo "1860"]
[BlackElo "1411"]
[PlyCount "76"]
[EventDate "2018.??.??"]
[WhiteTeam "Zabo-Eintracht Nürnberg"]
[BlackTeam "SW Nürnberg Süd"]

1. g3 d5 2. Bg2 e5 3. c4 Nf6 4. cxd5 Nxd5 5. Nc3 Be6 6. d3 c6 7. Nf3 Nd7 8. Ng5
Qf6 9. Nxe6 Qxe6 10. Qb3 N7b6 11. Nxd5 cxd5 12. Be3 Rd8 13. Bxb6 axb6 14. e4 d4
15. Qxe6+ fxe6 16. Bh3 Kd7 17. Rc1 Be7 18. f4 Ra8 19. a3 b5 20. O-O Rhf8 21. f5
exf5 22. Bxf5+ Kd8 23. Bxh7 b4 24. Rxf8+ Bxf8 25. axb4 Ra2 26. Bf5 Bxb4 27.
Rc8+ Ke7 28. Rc7+ Kd6 29. Rxb7 Rxb2 30. Rxg7 Rd2 31. Rd7+ Kc6 32. Rd5 Rxd3 33.
Rxe5 Rd1+ 34. Kf2 d3 35. Rd5 d2 36. Bd7+ Kc7 37. Ba4 Re1 38. e5 Bc3 1-0

[Event "Mittelfr. EM 2018 - Nebenturnier"]
[Site "Nürnberg"]
[Date "2018.03.31"]
[Round "7.5"]
[White "Walter, Manfred"]
[Black "Cordts, Elof"]
[Result "0-1"]
[WhiteElo "1802"]
[BlackElo "1662"]
[PlyCount "36"]
[EventDate "2018.??.??"]
[WhiteTeam "SV Lauf"]
[BlackTeam "SC Erlangen"]

1. e4 c5 2. c3 d5 3. exd5 Nf6 4. Bb5+ Nfd7 5. c4 a6 6. Ba4 b5 7. cxb5 axb5 8.
Bxb5 Qb6 9. Nc3 Bb7 10. a4 e6 11. Qe2 Be7 12. dxe6 fxe6 13. Nf3 O-O 14. Ne4 Rf5
15. d3 Nc6 16. Be3 Nce5 17. Nxe5 Nxe5 18. b4 Qxb5 0-1

[Event "Mittelfr. EM 2018 - Nebenturnier"]
[Site "Nürnberg"]
[Date "2018.03.31"]
[Round "7.6"]
[White "Schlötterer, Hermann"]
[Black "Hahn, Thomas"]
[Result "0-1"]
[WhiteElo "1792"]
[BlackElo "1727"]
[PlyCount "122"]
[EventDate "2018.??.??"]
[WhiteTeam "Zabo-Eintracht Nürnberg"]
[BlackTeam "Zabo-Eintracht Nürnberg"]

1. Nc3 f5 2. e4 fxe4 3. Nxe4 g6 4. d4 Bg7 5. Nf3 Nf6 6. Bd3 Nxe4 7. Bxe4 O-O 8.
Be3 d5 9. Bd3 Bg4 10. h3 Bxf3 11. gxf3 e5 12. c3 exd4 13. cxd4 c6 14. Qc2 Na6
15. Qa4 Nc7 16. O-O-O Ne6 17. Qc2 Qf6 18. Be2 Rac8 19. Kb1 Nf4 20. Bf1 Qf5 21.
Bxf4 Qxc2+ 22. Kxc2 Rxf4 23. h4 Bxd4 24. Rd2 Bf6 25. Bh3 Re8 26. h5 gxh5 27.
Bf1 Re1 28. Bg2 Rxh1 29. Bxh1 Rh4 30. Bg2 Rh2 31. Bf1 Bh4 32. Kd3 Rxf2 33. Rxf2
Bxf2 34. Bh3 d4 35. a4 a5 36. Ke4 Kf7 37. f4 Kf6 38. Bf1 c5 39. b3 h4 40. Bh3
Be3 41. f5 h6 42. Bf1 Bg5 43. Bh3 Ke7 44. Bf1 Bf6 45. Bh3 Kd6 46. Bf1 h3 47.
Bxh3 c4 48. bxc4 Kc5 49. Kd3 Kb4 50. Bg2 Kxa4 51. Bxb7 Kb4 52. c5 Kxc5 53. Be4
h5 54. Kc2 Kb4 55. Bf3 h4 56. Bg4 a4 57. Kb1 Kc3 58. Bd1 a3 59. Ka2 h3 60. Kxa3
h2 61. Bf3 d3 0-1